000 01087cab a2200229 4500
001 ABS37206
008 090401t1986 xxu||||| |||| 00| 0 eng d
035 _a(Sirsi) u2857
041 _aeng
110 _aRoyal Institution of Chartered Surveyors
_bInsurance Services
_9643
245 _aThink before you start your spring-cleaning
260 _c1986
350 _a0
490 _aChartered Surveyor Weekly
_v17(2) 27 November 1986,915 (1)
520 _aEmphasises the importance of exercising patience and care in weeding office paperwork not only for the effective rebuttal of professional negligence claims but for cases in which a client may find himself involved in litigation after a lengthy period. Since claims often take years to reach a conclusion, making it possible for a claim to be made against a surveyor some years after the time limit has lapsed,it may be expedient to adopt a policy of microfilming.
650 _aDOCUMENT RETENTION
650 _aLIMITATION PERIODS
650 _aTIME LIMITS
690 _aInsurance
_96249
942 _n0
948 _c04/03/1997
999 _c1718
_d1718